000 01020cam a2200253 4500
001 WS118644
008 020702n 000 0 eng u
035 _a(Sirsi) u118644
245 _aFederal Geographic Data Committee
520 _aWeb site for this US government committee which coordinates the development of the National Spatial Data Infrastructure which encompasses policies, standards and procedures for organisations to cooperatively produce and share geographic data. Includes pages on standards and publication. Also gives access to data in the National Spatial Data Clearinghouse.
650 _aINTERNATIONAL
650 _aUSA
650 _aNSDI
650 _aNATIONAL SPATIAL DATA INFRASTRUCTURE
650 _aSTANDARDS
650 _aSPATIAL DATA
650 _aGIS
650 _aNATIONAL SPATIAL DATA CLEARINGHOUSE
650 _aGIS
650 _aGOVERNMENT
690 _aGeomatics
_96242
856 4 0 _uhttps://www.fgdc.gov
_zView the website free of charge at www.fgdc.gov...
942 _n0
999 _c120066
_d120066